Cities by Russian Spelling - Statistics

General Stats
  • This quiz has been taken 2,461 times
  • The average score is 22 of 30
Answer Stats
Russian English % Correct
Мехико Mexico City
96%
Москва Moscow
95%
София Sofia
86%
Бейрут Beirut
85%
Прага Prague
85%
Загреб Zagreb
85%
Лагос Lagos
84%
Будапешт Budapest
83%
Джакарта Jakarta
82%
Париж Paris
82%
Ванкувер Vancouver
82%
Сантьяго Santiago
81%
Вашингтон Washington
80%
Женева Geneva
79%
Карачи Karachi
78%
Майами Miami
77%
Шанхай Shanghai
77%
Штутгарт Stuttgart
74%
Каир Cairo
73%
Гамбург Hamburg
73%
Финикс Phoenix
72%
Вена Vienna
72%
Рим Rome
67%
Мюнхен Munich
65%
Перт Perth
64%
Хошимин Ho Chi Minh City
56%
Эр-Рияд Riyadh
56%
Цюрих Zurich
56%
Кёльн Cologne
53%
Афины Athens
52%
No matching quizzes found
Score Distribution
Percent of People with Each Score
Percentile by Number Answered
Your Score History
You have not taken this quiz